Countries Closest to Russia - 30 Second Sprint - Statistics

General Stats
  • This quiz has been taken 41 times
  • The average score is 12 of 20
Answer Stats
km country % Correct
0 Finland
89%
0 China
83%
0 Estonia
83%
0 Ukraine
80%
0 Latvia
74%
0 Belarus
71%
0 Poland
71%
0 Mongolia
69%
0 Norway
66%
0 Georgia
63%
0 Kazakhstan
63%
208 Sweden
63%
110 Armenia
57%
0 Azerbaijan
57%
0 Lithuania
57%
0 North Korea
54%
4 United States
40%
136 Turkey
37%
43 Japan
31%
165 Iran
23%
No matching quizzes found
Score Distribution
Percent of People with Each Score
Percentile by Number Answered
Your Score History
You have not taken this quiz